|
|
|
|
| LEADER |
00000nam a2200000 a 4500 |
| 001 |
UCJ2733 |
| 003 |
CL-VaPUC |
| 008 |
070112e19960000IT |||||||||||||||||ita|d |
| 020 |
|
|
|a 8832357151
|
| 082 |
0 |
4 |
|a 340.54
|b CRI
|2 21
|
| 100 |
0 |
|
|a Crifò, Giuliano
|e author
|9 503656
|
| 245 |
1 |
0 |
|a Lezioni di storia del diritto Romano
|
| 300 |
|
|
|a 384 p
|
| 942 |
|
|
|c BK
|
| 945 |
|
|
|d 20070112 00:00:00
|a jtorresc
|
| 260 |
|
|
|a Bolonia
|b Monduzzi
|c 1996
|
| 650 |
|
0 |
|a Derecho romano
|9 255930
|
| 650 |
|
0 |
|a Historia del derecho
|9 255109
|
| 650 |
|
0 |
|a Jurisprudencia
|9 255952
|
| 583 |
|
|
|a last modification
|c 20070112 00:00:00
|k Rodrigo Vera
|
| 999 |
|
|
|c 318866
|d 318864
|
| 952 |
|
|
|0 0
|1 0
|4 0
|6 340_540000000000000_CRI_1996
|7 0
|8 A
|9 397061
|a BIBDER
|b BIBDER
|d 2019-11-22
|i 4293258
|o 340.54 CRI 1996
|p 4293258
|r 2023-01-25
|w 2019-11-22
|y BK
|k DER
|